000 01934cam a2200169 4500500
005 20251228152139.0
041 _afre
042 _adc
100 1 0 _aSchmitt, Marie-Paule
_eauthor
245 0 0 _aSerge Guilbaut, Comment New York vola l’idée d’art moderne. Expressionnisme abstrait, liberté et guerre froide, Nîmes, Jacqueline Chambon, coll. « Rayon Art », 1996, 345 p. (Titre original : How New York stole the idea of Modern Art : Abstract Expressionism, Freedom, and the Cold War, Chicago, The University of Chicago Press, 1983)
260 _c2001.
500 _a64
520 _aRésuméÀ partir d’une enquête ethnographique dans deux luttes de chômeurs et chômeuses en Bretagne en 1997-1998, cet article analyse les modes de perception de la domination masculine repérée dans les mobilisations observées. Celles-ci apparaissent comme des processus qui contribuent à fabriquer la sexuation du social mais aussi un rapport à cette sexuation, en fonction de la dimension collective de la lutte. L’article revient aussi sur la constitution, dans un mouvement social non féministe, d’un « sujet social femmes » (Danièle Kergoat).
520 _aStarting from an ethnographic investigation in two fights of unemployed persons in Brittany in 1997-1998, this article analyzes the modes of perception of the male domination located in the mobilizations observed. Those appear as processes which contribute to manufacture not only the sexuation of social order but also a relation to this sexuation, according to collective dimension of the fight. The article also reconsiders the constitution, in a nonfeminist social movement, of a “social subject women” (Danièle Kergoat).
786 0 _nSociétés & Représentations | 11 | 1 | 2001-03-01 | p. 479d-493d | 1262-2966
856 4 1 _uhttps://shs.cairn.info/revue-societes-et-representations-2001-1-page-479d?lang=fr&redirect-ssocas=7080
999 _c1609054
_d1609054